| 000 | 00522nam a2200181Ia 4500 | ||
|---|---|---|---|
| 005 | 20250508162455.0 | ||
| 008 | 008 250505s9999 xx 000 0 hin d | ||
| 037 | _aReference | ||
| 040 |
_aFEDL _beng _cFEDL |
||
| 041 |
_ahin _2eng |
||
| 084 |
_a891.43, BHA _qFEDL |
||
| 245 | 0 | _aBhartiya sahitya ratanmala | |
| 245 | 0 | _cGovernment of India | |
| 260 |
_aDelhi, India _bVegyanik Tatha Takneeki Shabdavali Aayog _c1970 |
||
| 300 | _axii,1200p. | ||
| 942 |
_cREF _h891.43, BHA |
||
| 999 |
_c1376775 _d1376775 |
||